| 000 | 00522nam a22001937a 4500 | ||
|---|---|---|---|
| 003 | OSt | ||
| 005 | 20160621182427.0 | ||
| 008 | 160621b xxu||||| |||| 00| 0 eng d | ||
| 020 | _a0750534669 | ||
| 040 | _cDNLM. | ||
| 082 | _aQT260B292 1999. | ||
| 100 |
_aEdited by Maughan,R.J; _99502 |
||
| 245 | _aBasic and Applied science for Sports Medicine. | ||
| 260 |
_aOxford. _bButterworth Heinemann. _c1999. |
||
| 300 |
_a346p; _bill; _c24cm. |
||
| 504 | _aincludes index. | ||
| 650 |
_aPhysiology. _9215 |
||
| 942 |
_2z _cO_SHELF |
||
| 999 |
_c4424 _d4424 |
||